Hviezdna kniha. 2, Pán Ša /
Uložené v:
| Hlavný autor: | |
|---|---|
| Ďalší autori: | |
| Médium: | Kniha |
| Jazyk: | Slovak French |
| Vydané: |
Bratislava :
Perfekt,
2005
|
| Vydanie: | 1. vyd. |
| Témy: | |
| ISBN: |
8080463042 (viaz.) |
| Fyzický popis: |
212 s. : il., mp. ; 21 cm |
| Tagy: |
Pridať tag
Žiadne tagy, Buďte prvý kto otaguje tento záznam!
|
Titul je dostupný aj v ... 

MARC
| LEADER | 00000nam a2200000 a 4500 | ||
|---|---|---|---|
| 001 | 000015421 | ||
| 005 | 20051121084656.0 | ||
| 008 | 050930s2005 xo ab e 000 1 sloo | ||
| 020 | |a 8080463042 (viaz.) | ||
| 040 | |a SVKKK |b slo |c SVKKK |e AACR2 | ||
| 041 | 1 | |a slo |h fre | |
| 044 | |a xo |c SK | ||
| 072 | 7 | |a 821.133.1-3 |x Francúzska próza, francúzsky písaná |2 konspekt | |
| 072 | 7 | |a 821-93 |x Literatúra pre deti a mládež |2 konspekt | |
| 080 | |a 821.133.1-31 |2 1997 | ||
| 080 | |a (0:82-312.9) |2 1997 | ||
| 080 | |a 821-93 |2 1997 | ||
| 100 | 1 | |a L´Homme, Erik, |d 1967- |4 aut | |
| 240 | 1 | 0 | |a Le livre des etoiles II. Le seigneur Sha. |l Slovensky |
| 245 | 1 | 0 | |a Hviezdna kniha. |n 2, |p Pán Ša / |c Erik L´Homme ; [z francúzskeho originálu preložila Zuzana Szabóová] |
| 246 | 3 | 0 | |a Pán Ša |
| 250 | |a 1. vyd. | ||
| 260 | |a Bratislava : |b Perfekt, |c 2005 | ||
| 300 | |a 212 s. : |b il., mp. ; |c 21 cm | ||
| 500 | |a Údaj o prekl. prevzatý z rubu titul. strany | ||
| 655 | 7 | |a francúzske romány |2 SVKKKPH | |
| 655 | 7 | |a fantazijné romány |2 SVKKKPH | |
| 655 | 7 | |a publikácie pre mládež |2 SVKKKPH | |
| 655 | 7 | |a umelecká literatúra |2 SVKKKPH | |
| 700 | 1 | |a Szabóová, Zuzana |4 trl | |
| 765 | 0 | |a L´Homme, Erik, 1967- |t Le livre des etoiles II. Le seigneur Sha | |
| 919 | |a 80-8046-304-2 | ||
| 998 | |a BK | ||
| 090 | |g SCKHL |k Sklad Pribinova prízemie |a IV.193919 |j 971610 |i 2720037986 |s Absenčne | ||